| 000 | 00993nas a2200361 4500 | ||
|---|---|---|---|
| 001 | BR8306362 | ||
| 003 | BR-BrBNA | ||
| 005 | 20231205085725.0 | ||
| 007 | ta | ||
| 008 | 230509b bl.|||p| |||| 00| 00por d | ||
| 040 |
_aBR-BrBNA _bpor _cBiblioteca Nacional de Agricultura |
||
| 041 | _a(Pt) | ||
| 072 | _aH20; F02 | ||
| 100 | 1 | _aChalfoun, S.M. | |
| 245 | 1 | _aPrincipais doencas causadas por fungo e bacterias em sementeiras e viveiros | |
| 650 | _aFUNGO | ||
| 650 | _aBACTERIA | ||
| 650 | _aSEMENTEIRA | ||
| 650 | _aVIVEIRO | ||
| 650 | _aABACAXI | ||
| 650 | _aABACATE | ||
| 650 | _aBANANA | ||
| 650 | _aFRUTA CITRICA | ||
| 650 | _aFIGO | ||
| 650 | _aGOIABA | ||
| 650 | _aMAMAO | ||
| 650 | _aMANGA | ||
| 650 | _aROSACEAE | ||
| 650 | _aUVA | ||
| 773 | 0 |
_tInforme Agropecuario - Empresa de Pesquisa Agropecuaria de Minas Gerais (Brazil) _xISSN 0100-3364 _g(Jun 1983), v. 9(102) p. 47-53 _wBR8306362 |
|
| 909 |
_a202311 _bLúcia _c55 _dLúcia Elande |
||
| 942 |
_2AGRIS _n0 _cANA |
||
| 999 |
_c113360 _d113360 |
||